| 000 | 00572nam a22001817a 4500 | ||
|---|---|---|---|
| 008 | 090528t xxu||||| |||| 00| 0 eng d | ||
| 020 | _a0878147632 | ||
| 020 | _a9780878147632 | ||
| 082 |
_221 _a665.5 _bCON |
||
| 100 |
_aConaway, Charles F. _95536 |
||
| 245 |
_aThe Petroleum Industry : _bA Nontechnical Guide / _cCharles F. Conaway. |
||
| 260 |
_aTulsa, Okla. : _bPennWell, _cc1999. |
||
| 300 |
_axvi, 289 p. : _bill. ; _c24 cm. |
||
| 500 | _aIncludes index. | ||
| 650 |
_aPetroleum engineering. _95537 |
||
| 650 |
_95538 _aPetroleum industry and trade |
||
| 942 |
_2ddc _cBB |
||
| 999 |
_c11670 _d11670 |
||